| 000 | 00945nam a2200277Ia 4500 | ||
|---|---|---|---|
| 001 | Para_337 | ||
| 003 | CHAP | ||
| 008 | 220125s1995 xx 000 0 und d | ||
| 010 | _a199092 | ||
| 040 | _cCHAP | ||
| 090 | _aPA FOLLETO 3259 | ||
| 100 |
_aCarrillo Ramírez, Humberto _919530 |
||
| 245 |
_aLa investigación sobre amarillamiento letal del cocotero en México / _c por Humberto Carrillo Ramírez |
||
| 260 |
_aXul-Ha., Q. Roo : _b INIFAP. Centro de Investigación Regional del Sureste |
||
| 300 | _a14 h. | ||
| 410 | _aPrimer ciclo de seminarios de intercambio cientifico y tecnologico | ||
| 650 |
_aAmarillamiento letal del cocotero _9164431 |
||
| 710 |
_aINIFAP. México. Centro de Investigación Regional del Sureste _9164426 |
||
| 901 | _aPA FOLLETO 3259 | ||
| 902 | _aA | ||
| 905 | _a0000001995 0000000000 00 | ||
| 910 | _a1995 | ||
| 942 | _cPARA | ||
| 942 |
_cPARA _d1 |
||
| 999 |
_c199092 _d199092 |
||